00625nam a22002057a 450000500170000001000110001702000100002803500110003803700160004904000120006508200150007710000240009224500810011626000320019727000580022930000260028750000510031365000200036465000350038420170124105939.0 a854873 c00.00 a854873 bCen Lib/Ret aDPLbEN a230.6bMUK aMukherjee, Prabhat  aHistory of the jagannath temple in the 19th century /cby Prabhat Mukherjee  aCalcutta bFirma KLM c1977 bCalcutta a257B, bepin bihari ganguly street e700012 axiii, 449p.c21cm(Hb) aIncludes bibliographical references and index  aHindu religion  aHistorical aspects xJagannath